Classical mythology in the plays, masques, and poems of Ben Jonson /

Bibliographic Details
Main Author: Wheeler, Charles Francis
Format: Book
Language:English
Published: Princeton : Princeton University Press for the University of Cincinnati, 1938.
Subjects:

MARC

Tag First Indicator Second Indicator Subfields
LEADER 00000cam a2200000 4500
001 in00000036642
005 20151007062150.0
008 750625s1938 nju b 00010 eng u
010 |a  38032442  
035 |a (OCoLC)01410409 
035 |9 AAD4114AM 
040 |c CIN  |d TXA  |d UtOrBLW 
049 |a TXAM  |c [205728] 
050 0 0 |a PR2642.M9  |b W5 
092 |a 822  |b J81Yw 
100 1 |a Wheeler, Charles Francis. 
245 1 0 |a Classical mythology in the plays, masques, and poems of Ben Jonson /  |c by Charles Francis Wheeler ... 
264 1 |a Princeton :  |b Princeton University Press for the University of Cincinnati,  |c 1938. 
300 |a vi pages, 1 ., 212 pages ;  |c 23 cm. 
336 |a text  |b txt  |2 rdacontent 
337 |a unmediated  |b n  |2 rdamedia 
338 |a volume  |b nc  |2 rdacarrier 
500 |a "Published with the aid of the Charles Phelps Taft memorial fund." 
504 |a Bibliography: pages [199]-205. 
600 1 0 |a Jonson, Ben,  |d 1573?-1637. 
650 0 |a Mythology, Classical. 
999 |a MARS 
999 f f |s 32251023-836c-3314-ba0e-b1bc3df70871  |i 83f15742-f843-3a44-a396-297d982fa08e  |t 0 
952 f f |p ric  |a Texas A&M University  |b Rellis Campus  |c Joint Library Facility  |d Remote Storage  |t 0  |e PR2642.M9 W5  |h Library of Congress classification  |i unmediated -- volume  |m A14801297827 
998 f f |a PR2642.M9 W5  |t 0  |l Remote Storage